[Event "4NCL Division 4 South"]
[Site "Bedford, ENG"]
[Date "2019.01.13"]
[Round "4.145"]
[White "Kilcline, Jenny"]
[Black "Kotsiopoulos, Panagiotis"]
[Result "0-1"]
[WhiteElo "1551"]
[BlackElo "1421"]
[PlyCount "108"]
[EventDate "2019.01.13"]
[WhiteTeam "Rook & Roll"]
[BlackTeam "Crowthorne 2"]

1. e4 e5 2. Nf3 Nc6 3. Bc4 Nf6 4. d4 Bd6 5. O-O O-O 6. Bg5 h6 7. Bh4 exd4 8.
Nxd4 Ne5 9. Nd2 Ng6 10. Nf5 Nxh4 11. Nxh4 Nxe4 12. Nxe4 Bxh2+ 13. Kxh2 Qxh4+
14. Kg1 Qxe4 15. Bd3 Qh4 16. Re1 d6 17. Re4 Qg5 18. Qf3 Bd7 19. Rf4 Bc6 20. Be4
Bxe4 21. Rxe4 Rfe8 22. Rg4 Qe5 23. c3 c6 24. g3 Qe2 25. Qxe2 Rxe2 26. b4 Rae8
27. Kg2 Rc2 28. c4 Ree2 29. Rf4 g5 30. Rf6 Kg7 31. Rxd6 Rxf2+ 32. Kh1 Rh2+ 33.
Kg1 Rcg2+ 34. Kf1 Rxg3 35. a3 Rh1+ 36. Kf2 Rxa1 37. Kxg3 Rxa3+ 38. Kg4 Rb3 39.
Rd7 Rxb4 40. Kh5 Rxc4 41. Rd4 Rc3 42. Kg4 b5 43. Rd6 b4 44. Rg6+ Kf8 45. Rd6 b3
46. Kf5 b2 47. Kf6 Rf3+ 48. Ke5 b1=Q 49. Rd7 Qb5+ 50. Ke4 Qe2+ 51. Kd4 Rd3+ 52.
Kc5 Qc2+ 53. Kb4 Rb3+ 54. Ka5 Qa2# 0-1

[Event "4NCL Division 4 South"]
[Site "Bedford, ENG"]
[Date "2019.01.13"]
[Round "4.146"]
[White "Sreeram, Yashasvini"]
[Black "Kilcline, Declan A"]
[Result "1-0"]
[WhiteElo "1155"]
[BlackElo "1434"]
[PlyCount "129"]
[EventDate "2019.01.13"]
[WhiteTeam "Crowthorne 2"]
[BlackTeam "Rook & Roll"]

1. e4 e6 2. d4 d5 3. Nc3 dxe4 4. Nxe4 Nd7 5. Nf3 Ngf6 6. Nc3 Bb4 7. Bd2 O-O 8.
Bd3 b6 9. a3 Be7 10. Bf4 Nd5 11. Nxd5 exd5 12. O-O Nf6 13. Ne5 Bb7 14. c3 c5
15. Ng4 Nxg4 16. Qxg4 Bc8 17. Qf3 c4 18. Bc2 Bg5 19. Qh5 Bh6 20. Bxh6 gxh6 21.
Qxh6 f5 22. Rfe1 Qf6 23. Qxf6 Rxf6 24. Re8+ Rf8 25. Re5 Bb7 26. Bxf5 Rae8 27.
Be6+ Kg7 28. Rae1 Rd8 29. Bf5 Rf7 30. Re7 Rdf8 31. Bg4 Rxe7 32. Rxe7+ Rf7 33.
Re5 Kf6 34. Rf5+ Kg7 35. Rxf7+ Kxf7 36. f4 Kf6 37. Kf2 a5 38. Kg3 Bc6 39. Kh4
Be8 40. Bh5 Bd7 41. Bg4 Be8 42. Bc8 b5 43. Bb7 Kf5 44. g3 Ke4 45. Kg5 b4 46.
axb4 axb4 47. cxb4 Kxd4 48. f5 Ke5 49. Ba6 Bf7 50. b5 d4 51. b6 Kd6 52. Kf4 c3
53. bxc3 dxc3 54. Bd3 Bb3 55. Kg5 c2 56. Bxc2 Bxc2 57. f6 Be4 58. Kh6 Bg6 59.
Kg7 Kc6 60. f7 Bxf7 61. Kxf7 Kxb6 62. Kg7 h5 63. Kg6 h4 64. gxh4 Kc7 65. h5 1-0

[Event "4NCL Division 4 South"]
[Site "Bedford, ENG"]
[Date "2019.01.13"]
[Round "4.151"]
[White "Lewis, Christopher D"]
[Black "Krawczuk, Michael J"]
[Result "1-0"]
[WhiteElo "1900"]
[BlackElo "1855"]
[PlyCount "55"]
[EventDate "2019.01.13"]
[WhiteTeam "Shropshire 3"]
[BlackTeam "Wessex C"]

1. e4 c5 2. Nf3 d6 3. d4 cxd4 4. Nxd4 Nf6 5. Nc3 a6 6. Bg5 e6 7. f4 Qc7 8. Qf3
b5 9. O-O-O Nc6 10. e5 Bb7 11. Ncxb5 axb5 12. Bxb5 Nd5 13. c4 dxe5 14. cxd5
exd4 15. dxc6 f6 16. Kb1 Ba6 17. Bh4 Bd6 18. Ba4 O-O 19. Rxd4 Bc8 20. Bb3 Kh8
21. Rhd1 Bc5 22. Rc4 Bd6 23. Bf2 e5 24. f5 Ba6 25. Rh4 h6 26. Qh3 Rad8 27. Be3
Rf7 28. Bb6 1-0

[Event "4NCL Division 4 South"]
[Site "Bedford, ENG"]
[Date "2019.01.13"]
[Round "4.153"]
[White "Tarr, Steve F"]
[Black "Smith, Steven J"]
[Result "1/2-1/2"]
[WhiteElo "1795"]
[BlackElo "1736"]
[PlyCount "103"]
[EventDate "2019.01.13"]
[WhiteTeam "Shropshire 3"]
[BlackTeam "Wessex C"]

1. d4 Nf6 2. Bf4 g6 3. Nc3 d5 4. e3 Bg7 5. h4 c6 6. Bd3 Bf5 7. Be2 h5 8. Nh3
Qb6 9. Rb1 Nbd7 10. b4 a6 11. Na4 Qd8 12. f3 b5 13. Nb2 a5 14. a3 axb4 15. axb4
O-O 16. Ng5 Nb6 17. Bd3 Qd7 18. Bxf5 Qxf5 19. Qd3 Ra7 20. Qxf5 gxf5 21. Nh3
Rfa8 22. Be5 Nfd7 23. Bxg7 Kxg7 24. Nf4 Nf6 25. Rh3 Ra1 26. Rg3+ Kh6 27. Rxa1
Rxa1+ 28. Kd2 e6 29. Nbd3 Nc4+ 30. Ke2 Ra2 31. Ne5 Nxe5 32. dxe5 Nd7 33. Rg5
Nxe5 34. Nxh5 Rxc2+ 35. Kd1 Rb2 36. Nf6 Ng6 37. Ng8+ Kg7 38. Ne7 Kf6 39. Ng8+
Ke5 40. h5 Nh4 41. h6 Ng6 42. f4+ Ke4 43. Nf6+ Kxe3 44. h7 Rb1+ 45. Kc2 Rh1 46.
Nh5 Nh8 47. Nf6 Kxf4 48. Rg8 Ng6 49. Rg7 Rh2 50. Kc3 Nh8 51. Rg8 Ng6 52. Rg7
1/2-1/2

[Event "4NCL Division 4 South"]
[Site "Bedford, ENG"]
[Date "2019.01.13"]
[Round "4.154"]
[White "Deacon, David J"]
[Black "Ross, Stuart"]
[Result "1/2-1/2"]
[WhiteElo "1604"]
[BlackElo "1712"]
[PlyCount "34"]
[EventDate "2019.01.13"]
[WhiteTeam "Wessex C"]
[BlackTeam "Shropshire 3"]

1. d4 Nf6 2. c4 g6 3. g3 Bg7 4. Bg2 O-O 5. Nf3 d6 6. O-O Nc6 7. Nc3 a6 8. b3 e5
9. d5 Ne7 10. e4 Nh5 11. Ne1 f5 12. Nd3 Nf6 13. Bb2 fxe4 14. Nxe4 Nxe4 15. Bxe4
Nf5 16. Re1 Bd7 17. c5 Qe8 1/2-1/2

[Event "4NCL Division 4 South"]
[Site "Bedford, ENG"]
[Date "2019.01.13"]
[Round "4.155"]
[White "Raghaven, Rajeev P"]
[Black "Deacon, Matthew"]
[Result "1-0"]
[WhiteElo "1592"]
[BlackElo "1337"]
[PlyCount "61"]
[EventDate "2019.01.13"]
[WhiteTeam "Shropshire 3"]
[BlackTeam "Wessex C"]

1. c4 c5 2. Nc3 Nc6 3. g3 g6 4. Bg2 Bg7 5. d3 Nf6 6. Nf3 d5 7. cxd5 Nxd5 8. Bd2
Be6 9. a3 O-O 10. O-O Qd7 11. Rb1 Bh3 12. Bxh3 Nxc3 13. Bxd7 Nxd1 14. Rfxd1
Rad8 15. Bh3 b5 16. Rdc1 Rd5 17. Bg2 Nd4 18. Nxd4 Rxd4 19. Rxc5 a6 20. Bc3 Rd6
21. Bxg7 Kxg7 22. Rc7 Re6 23. Kf1 f5 24. f4 Kf6 25. Bd5 Rd6 26. e4 fxe4 27.
dxe4 e5 28. Ke2 h5 29. Ke3 exf4+ 30. gxf4 Rdd8 31. Rbc1 1-0

[Event "4NCL Division 4 South"]
[Site "Bedford, ENG"]
[Date "2019.01.13"]
[Round "4.156"]
[White "Deacon, Nicholas"]
[Black "Jones, Andrew"]
[Result "0-1"]
[WhiteElo "1292"]
[BlackElo "1547"]
[PlyCount "48"]
[EventDate "2019.01.13"]
[WhiteTeam "Wessex C"]
[BlackTeam "Shropshire 3"]

1. d4 d5 2. c4 e6 3. Nc3 Nf6 4. Nf3 Be7 5. Bg5 O-O 6. e3 Re8 7. cxd5 exd5 8.
Bd3 Bg4 9. O-O Nc6 10. a3 a6 11. Qc2 Bxf3 12. Bxf6 Bxf6 13. gxf3 g6 14. Kh1 Qd7
15. Rg1 Rad8 16. Rg2 Qh3 17. e4 Nxd4 18. Qd1 c6 19. exd5 cxd5 20. Rg3 Qh5 21.
Rg2 Ne6 22. f4 Qh6 23. f5 Nf4 24. Rg1 Be5 0-1

[Event "4NCL Division 4 South"]
[Site "Bedford, ENG"]
[Date "2019.01.13"]
[Round "4.161"]
[White "Sloan, Cecil"]
[Black "Towers, Nigel S"]
[Result "1/2-1/2"]
[WhiteElo "1757"]
[BlackElo "1822"]
[PlyCount "91"]
[EventDate "2019.01.13"]
[WhiteTeam "Watford 2"]
[BlackTeam "CSC 3"]

1. e4 c6 2. d4 d5 3. exd5 cxd5 4. Bd3 Nc6 5. c3 Qc7 6. Ne2 Bg4 7. f3 Bd7 8. Bf4
e5 9. dxe5 Nxe5 10. Bxe5 Qxe5 11. Qc2 Nf6 12. Nd2 Bc5 13. O-O-O O-O 14. Kb1 b5
15. Nb3 Bb6 16. Rhe1 Qc7 17. Ned4 a6 18. g4 g6 19. h4 Rfe8 20. Qd2 Rxe1 21.
Rxe1 Re8 22. Rxe8+ Nxe8 23. h5 Qe5 24. hxg6 hxg6 25. f4 Qe7 26. f5 g5 27. Nf3
f6 28. Nbd4 Nd6 29. Qh2 Bc7 30. Qh6 Ne4 31. Qg6+ Kh8 32. Qh6+ Kg8 33. Qg6+ Qg7
34. Qxg7+ Kxg7 35. Bxe4 dxe4 36. Nd2 e3 37. Nf1 Bf4 38. Kc2 Bc6 39. Nxe3 Be4+
40. Kd2 Kf7 41. Ke2 Ke7 42. Nb3 Kd6 43. Nd4 Be5 44. Kd2 Bf4 45. Ke2 Be5 46. Kd2
1/2-1/2

[Event "4NCL Division 4 South"]
[Site "Bedford, ENG"]
[Date "2019.01.13"]
[Round "4.162"]
[White "Homolka, Vincent"]
[Black "Gogna, Aman"]
[Result "1/2-1/2"]
[WhiteElo "1766"]
[BlackElo "1712"]
[PlyCount "44"]
[EventDate "2019.01.13"]
[WhiteTeam "CSC 3"]
[BlackTeam "Watford 2"]

1. Nf3 Nf6 2. c4 g6 3. Nc3 Bg7 4. e4 d6 5. d4 O-O 6. Be2 Nbd7 7. O-O e5 8. dxe5
Nxe5 9. Nxe5 dxe5 10. Qxd8 Rxd8 11. Bg5 c6 12. Rad1 Re8 13. Rd6 Be6 14. Rfd1 h6
15. Be3 Bf8 16. R6d2 Ng4 17. Bxg4 Bxg4 18. f3 Be6 19. b3 Bb4 20. Rd3 Kh7 21.
Kf2 f5 22. h3 f4 1/2-1/2

[Event "4NCL Division 4 South"]
[Site "Bedford, ENG"]
[Date "2019.01.13"]
[Round "4.163"]
[White "Gogna, Avi"]
[Black "Grey, Nicholas D"]
[Result "1-0"]
[WhiteElo "1705"]
[BlackElo "1725"]
[PlyCount "53"]
[EventDate "2019.01.13"]
[WhiteTeam "Watford 2"]
[BlackTeam "CSC 3"]

1. d4 Nf6 2. Nf3 c5 3. c4 cxd4 4. Nxd4 e5 5. Nf3 e4 6. Nd4 Bc5 7. Nc2 Nc6 8.
Nc3 O-O 9. g3 Qa5 10. a3 Ng4 11. e3 Nce5 12. Be2 d5 13. b4 Qd8 14. bxc5 Qf6 15.
O-O Nf3+ 16. Bxf3 Qxc3 17. Bxg4 Bxg4 18. Qxg4 Qxc2 19. cxd5 f5 20. Qd1 Qxc5 21.
Qb3 Rad8 22. Rd1 Qd6 23. a4 Rf7 24. Ba3 Qh6 25. Rac1 Qh5 26. d6 Kh8 27. d7 1-0

[Event "4NCL Division 4 South"]
[Site "Bedford, ENG"]
[Date "2019.01.13"]
[Round "4.164"]
[White "Cresswell, Mike J"]
[Black "Poves, Gabriel"]
[Result "1-0"]
[WhiteElo "1708"]
[BlackElo "1517"]
[PlyCount "59"]
[EventDate "2019.01.13"]
[WhiteTeam "CSC 3"]
[BlackTeam "Watford 2"]

1. e4 c5 2. Nf3 d6 3. d4 cxd4 4. Nxd4 Nf6 5. Nc3 a6 6. Bd3 e6 7. O-O Be7 8. h3
O-O 9. Nce2 b5 10. c3 Bb7 11. Ng3 Nbd7 12. Re1 Rc8 13. Nh5 Nxh5 14. Qxh5 Nf6
15. Qe2 Qc7 16. Bd2 h6 17. Rac1 Rfd8 18. Kh1 Nd7 19. f4 e5 20. Nf5 Bf6 21. Rcd1
Nc5 22. Bb1 d5 23. exd5 Rxd5 24. Bc1 exf4 25. Qg4 Rcd8 26. Rxd5 Rxd5 27. Re8+
Kh7 28. Nxg7+ Nd3 29. Nh5 Rd8 30. Qg8# 1-0

[Event "4NCL Division 4 South"]
[Site "Bedford, ENG"]
[Date "2019.01.13"]
[Round "4.165"]
[White "Ramesh, Karthik R"]
[Black "Denning, Julie L"]
[Result "0-1"]
[WhiteElo "1352"]
[BlackElo "1652"]
[PlyCount "52"]
[EventDate "2019.01.13"]
[WhiteTeam "Watford 2"]
[BlackTeam "CSC 3"]

1. d4 Nf6 2. Bf4 g6 3. Nc3 Bg7 4. e4 d6 5. Nf3 O-O 6. Bc4 c6 7. Qd2 b5 8. Bd3
Re8 9. Bh6 Bh8 10. O-O Nbd7 11. h3 a6 12. Rae1 e5 13. Qg5 exd4 14. Nxd4 c5 15.
Nf3 c4 16. Be2 Bb7 17. Qh4 Nxe4 18. Bg5 Qc7 19. Nxe4 Rxe4 20. Bf4 Nf6 21. Rd1
Rd8 22. Ng5 Rxe2 23. Qg3 Ne8 24. Qh4 h5 25. g4 Qc6 26. Qg3 Qh1# 0-1

[Event "4NCL Division 4 South"]
[Site "Bedford, ENG"]
[Date "2019.01.13"]
[Round "4.166"]
[White "Saidmurodov, Shahjahon"]
[Black "Mehta, Kaveer"]
[Result "1-0"]
[WhiteElo "1635"]
[BlackElo "1405"]
[PlyCount "75"]
[EventDate "2019.01.13"]
[WhiteTeam "CSC 3"]
[BlackTeam "Watford 2"]

1. d4 d5 2. Bf4 Nf6 3. e3 a6 4. Bd3 Nc6 5. c3 Bg4 6. Nf3 e6 7. Nbd2 Be7 8. Qc2
Qd7 9. b4 Bf5 10. Ne5 Nxe5 11. Bxe5 Bxd3 12. Qxd3 O-O-O 13. a4 Rhg8 14. Nb3 Qc6
15. O-O Qc4 16. Qxc4 dxc4 17. Na5 Ne4 18. Nxc4 Nxc3 19. b5 f6 20. Bg3 Nd5 21.
e4 Nc3 22. bxa6 bxa6 23. Na5 Ne2+ 24. Kh1 Nxd4 25. Rad1 e5 26. Rb1 Rd7 27. Rb2
h6 28. Rfb1 Rdd8 29. f4 Bd6 30. Nb7 Rde8 31. Nxd6+ cxd6 32. Rc1+ Kd7 33. Rb7+
Kd8 34. Rcc7 a5 35. f5 h5 36. Be1 g6 37. Bxa5 gxf5 38. Rb8# 1-0

[Event "4NCL Division 4 South"]
[Site "Bedford, ENG"]
[Date "2019.01.13"]
[Round "4.172"]
[White "Stoica, Savas Marin"]
[Black "Clarke, James"]
[Result "1/2-1/2"]
[WhiteElo "1442"]
[BlackElo "1675"]
[PlyCount "43"]
[EventDate "2019.01.13"]
[WhiteTeam "Barnet Knights 3"]
[BlackTeam "Camberley Juniors"]

1. e4 c5 2. Nf3 e6 3. d4 cxd4 4. Nxd4 a6 5. c4 Qc7 6. Bd3 Bc5 7. Nb3 Be7 8. O-O
Nf6 9. Nc3 d6 10. Qe2 Nbd7 11. f4 b6 12. Bd2 Bb7 13. Rae1 O-O 14. e5 Ne8 15.
Be4 Bxe4 16. Qxe4 Rc8 17. Rf3 Qxc4 18. Qb1 f5 19. Ne4 Qc2 20. Qxc2 Rxc2 21.
exd6 Bh4 22. Nf2 1/2-1/2

[Event "4NCL Division 4 South"]
[Site "Bedford, ENG"]
[Date "2019.01.13"]
[Round "4.175"]
[White "Saxena, Kshitij"]
[Black "Ibrahim, Amir"]
[Result "1-0"]
[WhiteElo "1502"]
[BlackElo "1150"]
[PlyCount "113"]
[EventDate "2019.01.13"]
[WhiteTeam "Camberley Juniors"]
[BlackTeam "Barnet Knights 3"]

1. d4 d5 2. Nf3 Nf6 3. e3 Bf5 4. c3 e6 5. Qb3 b6 6. Ne5 a6 7. a4 Bd6 8. f4 Bxe5
9. dxe5 Nfd7 10. c4 Nc5 11. Qd1 O-O 12. Be2 Nbd7 13. cxd5 Qe7 14. Nc3 Rad8 15.
O-O a5 16. b3 Ne4 17. Nxe4 Bxe4 18. Ba3 c5 19. dxc6 Nc5 20. Bxc5 Qxc5 21. Qc1
Qxc6 22. Qxc6 Bxc6 23. Rac1 Be4 24. Rfd1 h6 25. Rd6 Rxd6 26. exd6 Rd8 27. Rd1
Kf8 28. Kf2 f5 29. Bf3 Bxf3 30. gxf3 Kf7 31. e4 Kf6 32. e5+ Kf7 33. Rc1 Ke8 34.
Rc6 Rb8 35. Rc7 Kd8 36. Rxg7 Rc8 37. Rb7 Rc6 38. Kg3 Kc8 39. Re7 Rc3 40. Rxe6
Rxb3 41. Rxh6 Ra3 42. e6 Re3 43. e7 Kd7 44. Kh4 Rxf3 45. Kg5 Ra3 46. Rh8 Re3
47. Rd8+ Kc6 48. e8=Q+ Rxe8 49. Rxe8 Kxd6 50. Kxf5 Kc5 51. h4 Kb4 52. Re6 b5
53. Re4+ Kc5 54. Re5+ Kb4 55. Rxb5+ Kxa4 56. Rxa5+ Kxa5 57. h5 1-0

[Event "4NCL Division 4 South"]
[Site "Daventry, ENG"]
[Date "2019.02.09"]
[Round "5.11"]
[White "Mercs, Peter J"]
[Black "Nelson, Omowale"]
[Result "0-1"]
[WhiteElo "2087"]
[BlackElo "2012"]
[PlyCount "144"]
[EventDate "2019.02.09"]
[WhiteTeam "Ashfield 1"]
[BlackTeam "Watford 1"]

1. e4 c6 2. d4 d5 3. e5 Bf5 4. Nf3 e6 5. Be2 Ne7 6. O-O Nd7 7. a3 c5 8. dxc5
Nc6 9. b4 Ncxe5 10. Nxe5 Nxe5 11. Bb2 Nd7 12. Nd2 Be7 13. f4 Bf6 14. Bxf6 Qxf6
15. Nf3 O-O 16. c4 Be4 17. cxd5 Bxd5 18. Qd4 Rfd8 19. Rac1 Rac8 20. Rfd1 Qe7
21. Qf2 a6 22. Bd3 Nf6 23. Ne5 Bb3 24. Re1 Nd5 25. Qg3 Ba4 26. f5 Qf6 27. fxe6
fxe6 28. Rf1 Qh6 29. Nf7 Qe3+ 30. Qxe3 Nxe3 31. Nxd8 Rxd8 32. Be4 Nxf1 33. Kxf1
Bb5+ 34. Kf2 Bc6 35. Bxc6 bxc6 36. Ke3 Kf7 37. Ke4 a5 38. Rc2 Ke7 39. Rc4 Ra8
40. Ke5 Rd8 41. Rd4 Rd5+ 42. Ke4 axb4 43. axb4 Kd7 44. h4 Ke7 45. Ke3 Kd7 46.
Rf4 Ke7 47. Rf2 Rd1 48. Ra2 Rb1 49. Ra7+ Kf6 50. Rb7 h5 51. Rb6 Ke5 52. Rxc6
Rxb4 53. g3 Rb3+ 54. Kf2 Rc3 55. Rc7 g6 56. Rg7 Kf5 57. Rf7+ Ke5 58. Rg7 Kf6
59. Rc7 e5 60. c6 Kf5 61. Rc8 Kg4 62. c7 Rc2+ 63. Ke3 Kxg3 64. Rg8 Rxc7 65.
Rxg6+ Kxh4 66. Kf3 Rc4 67. Rg1 Rf4+ 68. Ke3 Rg4 69. Rh1+ Kg5 70. Ra1 h4 71. Ra8
h3 72. Rg8+ Kh4 0-1

[Event "4NCL Division 4 South"]
[Site "Daventry, ENG"]
[Date "2019.02.09"]
[Round "5.12"]
[White "Karamazondo, Ernest"]
[Black "Jarvis, Derek A"]
[Result "1/2-1/2"]
[WhiteElo "1937"]
[BlackElo "2065"]
[PlyCount "100"]
[EventDate "2019.02.09"]
[WhiteTeam "Watford 1"]
[BlackTeam "Ashfield 1"]

1. e4 e5 2. Bc4 Nf6 3. d4 exd4 4. Nf3 Nc6 5. O-O Nxe4 6. Re1 d5 7. Bxd5 Qxd5 8.
Nc3 Qa5 9. Nxe4 Be6 10. Neg5 O-O-O 11. Nxe6 fxe6 12. Rxe6 Bd6 13. a3 Rde8 14.
Qe2 Kd7 15. Rxe8 Rxe8 16. Qd1 d3 17. cxd3 h6 18. Be3 Qd5 19. b4 g5 20. h3 a6
21. Rc1 Rf8 22. Bc5 Rf4 23. Qe2 Ne5 24. Nxe5+ Qxe5 25. Qc2 Bxc5 26. Qxc5 Qxc5
27. Rxc5 Rd4 28. Rc3 Kd6 29. Kf1 a5 30. b5 Rd5 31. Rb3 a4 32. Rb4 Rxd3 33. Rxa4
Kc5 34. Ke2 Rb3 35. Ra5 Kb6 36. Ra8 Rxb5 37. Rh8 Re5+ 38. Kd3 Re6 39. Rf8 Kb5
40. f4 gxf4 41. Rxf4 c5 42. g4 Rd6+ 43. Kc3 Ra6 44. Kb3 c4+ 45. Rxc4 Rxa3+ 46.
Kxa3 Kxc4 47. h4 b5 48. g5 b4+ 49. Kb2 hxg5 50. hxg5 Kd5 1/2-1/2

[Event "4NCL Division 4 South"]
[Site "Daventry, ENG"]
[Date "2019.02.09"]
[Round "5.13"]
[White "Combie, Alex B"]
[Black "Lancaster, Roger"]
[Result "1-0"]
[WhiteElo "2005"]
[BlackElo "1945"]
[PlyCount "65"]
[EventDate "2019.02.09"]
[WhiteTeam "Ashfield 1"]
[BlackTeam "Watford 1"]

1. d4 e6 2. c4 Nf6 3. g3 d5 4. Bg2 Bb4+ 5. Nd2 c6 6. Qc2 Nbd7 7. Ngf3 O-O 8.
O-O Re8 9. e4 dxe4 10. Nxe4 Be7 11. Rd1 Nxe4 12. Qxe4 Bf6 13. Bf4 a5 14. Qc2 a4
15. Rab1 Ra5 16. b4 axb3 17. axb3 Qb6 18. b4 Ra3 19. c5 Qa7 20. Ne5 g5 21. Nxd7
Bxd7 22. Be5 Be7 23. g4 Ra2 24. Qd3 Ra8 25. Be4 h6 26. Bh7+ Kf8 27. Qh3 Qa3 28.
Qxh6+ Ke8 29. Rd3 Qa6 30. Bd6 Rxf2 31. Bg6 Bxd6 32. cxd6 Kd8 33. Qf8+ 1-0

[Event "4NCL Division 4 South"]
[Site "Daventry, ENG"]
[Date "2019.02.09"]
[Round "5.14"]
[White "Dunlop, Neil J"]
[Black "Walker, Andrew N"]
[Result "1/2-1/2"]
[WhiteElo "1832"]
[BlackElo "1952"]
[PlyCount "52"]
[EventDate "2019.02.09"]
[WhiteTeam "Watford 1"]
[BlackTeam "Ashfield 1"]

1. d4 d5 2. c4 e6 3. Nf3 Nf6 4. g3 b6 5. Bg2 Bb7 6. O-O Be7 7. cxd5 exd5 8. b3
O-O 9. Ba3 Nbd7 10. Bxe7 Qxe7 11. Re1 Ne4 12. e3 f5 13. Nbd2 Rf6 14. Rc1 c5 15.
Bf1 a6 16. dxc5 bxc5 17. Qc2 Rc8 18. Qb2 Nxd2 19. Nxd2 Ne5 20. Rc3 Rfc6 21. Bg2
R6c7 22. Rec1 Ng4 23. Qc2 g6 24. Qd3 Nf6 25. Qc2 Ng4 26. Qd3 Nf6 1/2-1/2

[Event "4NCL Division 4 South"]
[Site "Daventry, ENG"]
[Date "2019.02.09"]
[Round "5.15"]
[White "Burke, Steven J"]
[Black "Pigott, Darrell N"]
[Result "1-0"]
[WhiteElo "1952"]
[BlackElo "1855"]
[PlyCount "99"]
[EventDate "2019.02.09"]
[WhiteTeam "Ashfield 1"]
[BlackTeam "Watford 1"]

1. c4 Nf6 2. Nc3 g6 3. g3 Bg7 4. Bg2 O-O 5. Rb1 c5 6. a3 Nc6 7. b4 d6 8. d3
cxb4 9. axb4 Bf5 10. b5 Na5 11. Bd2 Rc8 12. e4 Bg4 13. Nge2 Nd7 14. h3 Be6 15.
Nf4 Nc5 16. O-O b6 17. Nxe6 Nxe6 18. Ne2 Nd4 19. Be3 Ne6 20. f4 Qc7 21. Kh2 Nb7
22. h4 Nbc5 23. Bh3 a5 24. f5 Nd8 25. fxg6 hxg6 26. Bxc8 Qxc8 27. Bd4 e5 28.
Be3 Nde6 29. Nc3 Qd8 30. Nd5 f5 31. Bxc5 dxc5 32. Rb2 f4 33. Rbf2 fxg3+ 34.
Kxg3 Nf4 35. Qg4 Kh7 36. Rf3 a4 37. Ra1 Ne2+ 38. Kh3 Nf4+ 39. Nxf4 Rxf4 40. Qg3
Qd7+ 41. Kh2 Bh6 42. Kh1 Rg4 43. Rf7+ Qxf7 44. Qxg4 Be3 45. h5 Qf2 46. Qxg6+
Kh8 47. Qg2 Qh4+ 48. Qh2 Qg4 49. Qxe5+ Kg8 50. Qe8+ 1-0

[Event "4NCL Division 4 South"]
[Site "Daventry, ENG"]
[Date "2019.02.09"]
[Round "5.16"]
[White "Papathanasopoulos, Nikolaos"]
[Black "Truman, Richard G"]
[Result "0-1"]
[WhiteElo "1877"]
[BlackElo "1945"]
[PlyCount "94"]
[EventDate "2019.02.09"]
[WhiteTeam "Watford 1"]
[BlackTeam "Ashfield 1"]

1. e4 c5 2. Nf3 e6 3. d4 cxd4 4. Nxd4 Nf6 5. Nc3 d6 6. Be2 a6 7. O-O Be7 8. a4
O-O 9. Be3 Nc6 10. f4 Qc7 11. Bf3 Na5 12. Kh1 Nd7 13. Qe1 Nc4 14. Bc1 Bf6 15.
Nde2 Rb8 16. b3 Na5 17. Ba3 Rd8 18. Rd1 Nf8 19. Bxd6 Rxd6 20. Rxd6 Qxd6 21. e5
Bxe5 22. Ne4 Qc7 23. fxe5 Qxe5 24. Qf2 f5 25. Nc5 b6 26. Nd3 Qc7 27. Re1 Nc6
28. Nef4 Bd7 29. Bxc6 Bxc6 30. Nxe6 Nxe6 31. Rxe6 Be4 32. Ne1 a5 33. h3 g6 34.
Qh4 Rb7 35. Qf6 Qc8 36. Qe5 Qc7 37. Re8+ Kf7 38. Qe6+ Kg7 39. Rg8+ Kh6 40. Qf6
Qe7 41. Qc3 Qg5 42. Nf3 Qf4 43. Rc8 Rd7 44. Kg1 Rd1+ 45. Kf2 Bxf3 46. Qxf3 Qh4+
47. Ke2 Qe1# 0-1

[Event "4NCL Division 4 South"]
[Site "Daventry, ENG"]
[Date "2019.02.09"]
[Round "5.21"]
[White "Cooksey, Paul S"]
[Black "Paterson, Andrew I"]
[Result "1/2-1/2"]
[WhiteElo "2284"]
[BlackElo "2065"]
[PlyCount "114"]
[EventDate "2019.02.09"]
[WhiteTeam "Crowthorne 1"]
[BlackTeam "Warwickshire Select 2"]

1. d4 d5 2. Nf3 e6 3. c4 c6 4. Qc2 Nf6 5. g3 dxc4 6. Qxc4 b5 7. Qd3 Bb7 8. Bg5
Nbd7 9. Nbd2 a6 10. Bg2 c5 11. O-O c4 12. Qc2 Bb4 13. a3 Be7 14. e4 O-O 15.
Rad1 h6 16. Bf4 Rc8 17. g4 g5 18. Bg3 Nxg4 19. d5 Nc5 20. h3 Nf6 21. d6 Bxd6
22. e5 Bc7 23. exf6 Qxf6 24. Qc3 Qxc3 25. bxc3 Rfd8 26. Nd4 Bxg2 27. Kxg2 Ba5
28. Nb1 Rd5 29. Nc2 Rcd8 30. Rxd5 Rxd5 31. Ne3 Rd3 32. Rd1 f5 33. Bd6 Rxd1 34.
Nxd1 Nd3 35. Ne3 Kf7 36. Nc2 Bb6 37. Nb4 Nxf2 38. Nxa6 Nd3 39. Nb4 f4 40. Nd2
Kg6 41. a4 Be3 42. Nf3 bxa4 43. Nxd3 cxd3 44. Ne5+ Kf5 45. Nxd3 Ke4 46. Nb2 f3+
47. Kf1 h5 48. Nxa4 g4 49. hxg4 hxg4 50. Bg3 Kd3 51. Be5 Ke4 52. Bg3 e5 53. c4
Bf4 54. Nc5+ Kf5 55. Bxf4 exf4 56. Kf2 Ke5 57. Nd7+ Kd4 1/2-1/2

[Event "4NCL Division 4 South"]
[Site "Daventry, ENG"]
[Date "2019.02.09"]
[Round "5.22"]
[White "Cooper, David M"]
[Black "Webb, Richard M"]
[Result "1/2-1/2"]
[WhiteElo "2026"]
[BlackElo "2204"]
[PlyCount "73"]
[EventDate "2019.02.09"]
[WhiteTeam "Warwickshire Select 2"]
[BlackTeam "Crowthorne 1"]

1. c4 c5 2. Nf3 Nf6 3. g3 d5 4. cxd5 Nxd5 5. Bg2 Nc6 6. Nc3 Nc7 7. O-O e5 8. d3
Be7 9. Nd2 Bd7 10. a4 O-O 11. Nc4 f6 12. Be3 Kh8 13. Nd5 Nxd5 14. Bxd5 Bh3 15.
Bg2 Bxg2 16. Kxg2 Qd5+ 17. f3 Rad8 18. Bf2 f5 19. Qb3 Nd4 20. Bxd4 exd4 21. Nd2
Qe5 22. f4 Qc7 23. Nf3 Bf6 24. Rac1 Rfe8 25. Rf2 b6 26. Qb5 a5 27. Rc2 $11 Qd6
28. h4 Re6 29. Qc4 Rde8 30. Rd2 g6 31. b3 Kg7 32. Qc2 h6 33. Qc1 Qe7 34. Rb2
Re3 35. Qf1 Qb7 36. Kg1 R8e6 37. Rg2 1/2-1/2

[Event "4NCL Division 4 South"]
[Site "Daventry, ENG"]
[Date "2019.02.09"]
[Round "5.23"]
[White "Coates, Kenneth G"]
[Black "Ingram, Keith R"]
[Result "1/2-1/2"]
[WhiteElo "2050"]
[BlackElo "1965"]
[PlyCount "83"]
[EventDate "2019.02.09"]
[WhiteTeam "Crowthorne 1"]
[BlackTeam "Warwickshire Select 2"]

1. d4 e6 2. e4 d5 3. exd5 exd5 4. Bd3 Nc6 5. c3 Be7 6. Qf3 Nf6 7. h3 Be6 8. Ne2
Qd7 9. b4 a6 10. O-O O-O 11. Re1 Rfe8 12. Nd2 b5 13. Nb3 Ne4 14. Nc5 Nxc5 15.
bxc5 Bf6 16. Bb2 Na5 17. Rad1 Nc4 18. Bc1 c6 19. Nf4 Bg5 20. Nxe6 Bxc1 21. Rxc1
Rxe6 22. Bf5 Rxe1+ 23. Rxe1 Qc7 24. g3 g6 25. Bd3 Qd7 26. h4 h5 27. Qe2 Kf8 28.
Bxc4 dxc4 29. Qe5 Kg8 30. Re3 a5 31. a3 Rd8 32. Qf6 Re8 33. Rxe8+ Qxe8 34. Kf1
a4 35. d5 Qe4 36. dxc6 Qh1+ 37. Ke2 Qe4+ 38. Kf1 Qh1+ 39. Ke2 Qe4+ 40. Kd2 Qd3+
41. Kc1 Qf1+ 42. Kd2 1/2-1/2

[Event "4NCL Division 4 South"]
[Site "Daventry, ENG"]
[Date "2019.02.09"]
[Round "5.24"]
[White "Cundy, Mark A"]
[Black "Purdon, Colin"]
[Result "0-1"]
[WhiteElo "1865"]
[BlackElo "2047"]
[PlyCount "62"]
[EventDate "2019.02.09"]
[WhiteTeam "Warwickshire Select 2"]
[BlackTeam "Crowthorne 1"]

1. e4 c6 2. d4 d5 3. exd5 cxd5 4. c4 Nf6 5. Nc3 Nc6 6. Bg5 Be6 7. c5 g6 8. Nf3
Bg7 9. a3 Ne4 10. Bb5 O-O 11. Bxc6 bxc6 12. O-O Bg4 13. Be3 Rb8 14. Qc2 Bxf3
15. gxf3 Nxc3 16. Qxc3 Qc7 17. b4 e5 18. Rab1 f5 19. Qd3 e4 20. fxe4 fxe4 21.
Qd2 Rf3 22. Kh1 Rbf8 23. Rg1 Bh6 24. Rg2 Bxe3 25. fxe3 Qd7 26. Rbg1 Qh3 27. b5
cxb5 28. Qa5 Rf1 29. Qxa7 Rxg1+ 30. Rxg1 Qf3+ 31. Rg2 Qxe3 0-1